[Event "20th Dubai Open 2018"]
[Site "Dubai"]
[Date "2018.04.03"]
[Round "2"]
[White "Iturrizaga Bonelli, Eduardo"]
[Black "Sadhwani, Raunak"]
[Result "1/2-1/2"]
[WhiteElo "2624"]
[BlackElo "2358"]
[Annotator "TA"]
[PlyCount "113"]
[EventDate "2018.??.??"]
[EventType "swiss"]
[EventCountry "UAE"]
[SourceTitle "playchess.com"]
[Source "ChessBase"]
[SourceQuality "1"]

{[%evp 15,113,-7,12,-21,-23,-43,-46,-51,-47,-70,-66,-79,-76,-82,-85,-85,-73,-66,-23,-25,-21,-72,-65,-67,-68,-114,-34,-32,-35,-42,-40,-56,-16,-37,-23,-22,100,110,108,110,108,103,86,8,156,163,152,139,127,126,114,117,127,74,89,84,78,75,74,44,44,44,38,44,41,49,76,76,85,73,45,45,236,230,362,362,402,390,443,130,581,616,597,581,1092,743,1206,1197,1566,1440,1537,5000,2681,2497,5942,5909,1673,5106,1449,3093]} 1. c4 e5 2. g3 c6 3. d4 e4 4. Nc3 d5 5. Bg2 Nf6 6. Bg5 {A20: English Opening: 1...e5} Nbd7 (6... Bb4 7. Qb3 Bxc3+ 8. Qxc3 O-O 9. f3 dxc4 10. Bxf6 Qxf6 11. fxe4 c5 12. e5 cxd4 13. exf6 dxc3 14. fxg7 {½-½ (40) McShane,L (2647)-Anand,V (2783) Germany 2018}) 7. cxd5 cxd5 8. f3 h6 {LiveBook: 3 Games} 9. Bf4 Bb4 10. Qb3 Qe7 11. Rc1 $146 ({Find the theoretical novelty and annotate with similar games:} 11. Bd2 exf3 12. Nxf3 O-O {0-1 (60) Donchenko,A (2452)-Mastrovasilis,D (2610) Legnica 2013}) 11... O-O 12. a3 Bxc3+ 13. Rxc3 Nb6 14. Nh3 exf3 15. Rxf3 Ne4 16. Nf2 Nc4 (16... Be6 {NOTEXT} 17. O-O Nc4 18. Qd1 Nxb2 19. Qc2 Nxf2 20. R3xf2 Nc4) 17. Nxe4 Qxe4 18. O-O (18. Bc1 $11) 18... Qxd4+ $17 19. Kh1 Be6 (19... Bf5 {NOTEXT} 20. Qxb7 Be4 21. R3f2 Bxg2+ 22. Kxg2 Qxb2 23. Qxd5 Rac8) 20. Rc3 Qb6 (20... Rac8 $17 21. e3 Qb6 22. Qxb6 axb6) 21. Qxb6 $15 axb6 22. Rb3 Rac8 23. Rd1 Rc5 24. h4 Ra8 25. Rb4 f5 {[#]} (25... b5 $11 {keeps the balance.}) 26. b3 $1 $16 {[%cal Rb3c4]} Nxa3 27. Rxb6 Re8 28. Rxb7 Rb5 29. Ra7 (29. Rxb5 $16 Nxb5 30. Rxd5 (30. Bxd5 Nc3 $14)) 29... Nc2 (29... Rxb3 $11 {remains equal.} 30. Rxd5 Rb1+ 31. Kh2 Nb5 32. Rxb5 Rxb5) 30. Rc7 Nb4 {[#]} 31. Ra1 $1 {[%cal Ra1a7]} Rf8 32. Be5 Rf7 33. Ra8+ Kh7 34. Rxf7 ({White should try} 34. Raa7 Kg8 35. Kh2) 34... Bxf7 35. Bh3 Kg6 {Black wants to play ...d4!} 36. Ra7 h5 37. Bd4 {aiming for Rc7.} Nc6 38. Ra6 Be8 39. Rb6 Rxb6 40. Bxb6 $14 {[%mdl 4096] Endgame KBB-KBN} Ne5 41. Bd4 Ng4 42. Kg2 Bb5 43. Kf3 Nh2+ $2 (43... Kf7 $1 $14) 44. Kf4 $18 Ng4 (44... Kf7 $142 45. Bxf5 Bxe2) 45. Bg2 Bc6 46. b4 {[%cal Bb3b4,Bb4b5][%mdl 32]} Nf6 47. Bh3 $2 (47. Bxf6 $18 {is more deadly.} Kxf6 48. e3) 47... Bd7 $2 {[%mdl 8192]} (47... Ng4 $16 {is tougher.} 48. Bg2 Nf6) 48. Bxf6 {White is clearly winning.} Kxf6 {KB-KB} 49. e3 g6 {Black hopes to continue with ...Bb5.} 50. Bf1 Ke6 51. b5 Kd6 52. Kg5 f4 53. gxf4 Bf5 54. Kf6 Kc5 55. Ke5 Be4 56. Be2 Kb6 57. Kd4 {[%mdl 32768] Precision: White = 56%, Black = 34%. . An unexpected result.} 1/2-1/2

[Event "20th Dubai Open 2018"]
[Site "Dubai"]
[Date "2018.04.03"]
[Round "2"]
[White "Gupta, Abhijeet"]
[Black "Urazayev, Arystanbek"]
[Result "1-0"]
[WhiteElo "2617"]
[BlackElo "2331"]
[Annotator "TA"]
[PlyCount "79"]
[EventDate "2018.??.??"]
[EventType "swiss"]
[EventCountry "UAE"]
[SourceTitle "playchess.com"]
[Source "ChessBase"]
[SourceQuality "1"]

{[%evp 20,79,35,36,43,41,41,49,60,56,58,57,72,62,75,58,77,58,71,50,63,58,62,62,60,49,66,55,82,20,22,29,28,22,31,18,148,141,150,127,424,424,424,424,393,391,424,423,529,529,585,585,577,558,1151,1148,1081,1042,1150,1085,1152,1031]} 1. d4 Nf6 2. c4 e6 3. g3 Bb4+ 4. Nd2 O-O 5. Bg2 d5 6. Ngf3 b6 7. O-O Bb7 8. cxd5 exd5 9. Ne5 Nbd7 10. Qa4 {E16: Queen's Indian: 4 g3 Bb7 5 Bg2 Bb4+} Bxd2 (10... Qe7 11. Ndf3 Bd6 12. Nxd7 Nxd7 13. Bf4 Bxf4 14. gxf4 c5 15. e3 Rfc8 16. Rfd1 c4 17. a3 Bc6 {0-1 (49) Melkumyan,H (2619)-Matlakov,M (2707) Karlsruhe 2017}) 11. Nxd7 {LiveBook: 4 Games} Bxc1 12. Nxf6+ {White is slightly better.} Qxf6 13. Rfxc1 Qd6 14. Rc3 Rfe8 15. e3 g6 $146 ({Predecessor:} 15... Re7 16. Rac1 h5 17. h4 g6 {1-0 (78) Kourousis,E (2403)-Kostolansky,S (2226) Slovakia 2018}) 16. Rac1 Re7 17. Bf1 a6 18. Qc2 {[%cal Rc3c7]} c6 19. Qb3 Qd8 20. a4 a5 21. Qa3 Kg7 22. Rb1 h5 23. h4 Re6 24. Bh3 (24. b4 $16) 24... Rf6 $11 25. b4 Bc8 26. Bg2 Bf5 27. Rbc1 Qd6 (27... axb4 $11 28. Qxb4 Bd7) 28. Rxc6 $16 axb4 29. Qb2 ({Not} 29. Rxd6 bxa3 30. Rxd5 (30. Rxf6 Kxf6 31. Bxd5 Rxa4 $17) 30... Rxa4 $17) 29... Qxc6 $4 {[%mdl 8192] [#]} (29... Qd7 $16 30. Rxf6 Kxf6) 30. Rxc6 $18 Rxc6 31. Bxd5 Rc2 32. Qxb4 Rd8 33. e4 {[%cal Be3e4,Be4e5,Be5e6][%mdl 32] White is clearly winning.} Bg4 34. Kg2 Rd7 35. Bb3 Re2 36. d5 f5 37. Qc3+ Kh7 38. e5 f4 39. gxf4 Rf7 40. e6 {Precision: White = 63%, Black = 47%.} 1-0

[Event "20th Dubai Open 2018"]
[Site "Dubai"]
[Date "2018.04.03"]
[Round "2"]
[White "Zubov, Alexander"]
[Black "Saravana, Krishnan P."]
[Result "1-0"]
[WhiteElo "2606"]
[BlackElo "2312"]
[Annotator "TA"]
[PlyCount "87"]
[EventDate "2018.??.??"]
[EventType "swiss"]
[EventCountry "UAE"]
[SourceTitle "playchess.com"]
[Source "ChessBase"]
[SourceQuality "1"]

{[%evp 11,87,23,27,21,48,48,44,43,45,45,62,0,21,0,0,0,18,0,15,18,30,16,43,34,61,60,75,75,73,66,76,70,72,71,93,92,89,79,80,78,79,75,112,114,189,172,254,239,224,205,209,179,308,251,543,341,323,281,286,275,376,223,285,253,248,264,358,353,345,344,412,391,387,388,891,892,877,868]} 1. d4 d5 2. c4 c6 3. Nf3 Nf6 4. e3 Bf5 5. Nc3 a6 6. c5 {D15: Slav Defence: 4 Nc3 a6 and gambit lines after 4 Nc3 dxc4} (6. Qb3 b5 7. c5 a5 8. Be2 g6 9. O-O Bg7 10. Bd2 O-O 11. a3 Nbd7 12. Rfc1 Ne4 13. Qd1 Nxd2 14. Qxd2 {½-½ (56) Mamedyarov,S (2799)-Andreikin,D (2712) Huaian 2017}) 6... h6 {LiveBook: 8 Games} 7. b4 {[%cal Bb2b4,Bb4b5,Bb5b6][%mdl 32]} a5 $146 ({Predecessor:} 7... Nbd7 8. Bb2 e6 9. Bd3 Bxd3 10. Qxd3 Be7 11. O-O O-O 12. a4 Qc7 13. a5 e5 {½-½ (36) Moskalenko,V (2538)-Firat,B (2413) Ankara 2010}) 8. b5 {White is slightly better.} Nbd7 9. Bb2 Qc7 10. Be2 e5 11. b6 Qb8 12. Na4 {[%cal Rf3e5]} e4 13. Nd2 h5 14. h3 $36 {[%cal Bh2h3,Bh3h4][%mdl 2080] White has good play.} g5 15. Qc2 Bh6 16. O-O-O {[%cal Be1c1,Bc1b2,Bb2a1][%mdl 32]} Qd8 17. g3 g4 18. h4 Qe7 19. Bc3 Nb8 20. Nb3 Rg8 21. Kb2 Rg6 22. Ka1 Be6 23. Rb1 {[%cal Bd1b1,Bb1b3,Bb3a3,Ba3a4][%mdl 32]} Ng8 24. Rhc1 Rf6 25. Be1 Rf5 26. Qd2 Bg7 27. Nxa5 Qd7 (27... Bc8 $16) 28. Rb3 $18 Ne7 (28... Qc8 $142 29. Ra3 Ne7) 29. Ra3 Qc8 {[#]} 30. Nb2 $1 Nd7 31. Rcc3 Rf3 (31... Kf8 $142 32. Ra4 Nf6) 32. Ra4 (32. Bxf3 $6 gxf3 33. Ra4 Bh3 $18) 32... Nf8 $2 (32... Kf8 33. Bxf3 gxf3) 33. Rca3 {Strongly threatening Nxb7.} Rb8 34. Nb3 ({Don't take} 34. Bxf3 $6 gxf3 35. Nb3 Nd7 $18) 34... Bd7 35. Qa5 ({Resist} 35. Bxf3 $6 gxf3 36. Ra7 Ne6 $18) 35... Nf5 36. Nd2 (36. Bxf3 $142 gxf3 37. Qa7) 36... Ne6 {[%cal Re6d4]} 37. Nxf3 gxf3 38. Bf1 Qd8 39. Qa7 Nfxd4 40. exd4 ({Not} 40. Rxd4 Nxd4 41. exd4 Bxd4 $14) 40... Nxd4 {intending ...Nc2+.} 41. Kb1 Ke7 42. Bc3 e3 $2 {[#]} (42... Ne6 43. Bxg7 Nxg7) 43. Bxd4 Bf5+ 44. Ka1 {Precision: White = 80%, Black = 35%.} 1-0

[Event "20th Dubai Open 2018"]
[Site "Dubai"]
[Date "2018.04.03"]
[Round "2"]
[White "Flores, Diego"]
[Black "Song, Yuxin"]
[Result "1-0"]
[WhiteElo "2601"]
[BlackElo "2075"]
[Annotator "TA"]
[PlyCount "57"]
[EventDate "2018.??.??"]
[EventType "swiss"]
[EventCountry "UAE"]
[SourceTitle "playchess.com"]
[Source "ChessBase"]
[SourceQuality "1"]

{[%evp 10,57,3,2,10,20,13,17,12,0,5,3,39,28,31,14,25,22,22,23,83,81,65,62,85,77,156,143,218,220,388,389,372,336,367,378,361,350,577,458,647,596,2199,2819,29981,29982,29982,29983,29983,29983]} 1. Nf3 Nf6 2. c4 e6 3. Nc3 Bb4 4. g3 O-O 5. Bg2 d5 6. d4 c6 {E20: Nimzo-Indian: 4 g3 and 4 f3} (6... dxc4 7. O-O Nc6 8. Qa4 Bd7 9. Bg5 Rb8 10. Rad1 Bxc3 11. bxc3 h6 12. Bxf6 Qxf6 13. Qxc4 Rfc8 14. Nd2 Na5 15. Qb4 b6 {½-½ (67) Matlakov,M (2735)-Tomashevsky,E (2713) St Petersburg 2017}) 7. O-O Nbd7 8. Qb3 Be7 {The position is equal.} 9. Bf4 Nh5 10. Bd2 f5 11. a4 a5 $146 ({Predecessor:} 11... Nhf6 12. a5 Ne4 13. Bf4 Ndf6 14. c5 Nxc3 15. bxc3 Ne4 {½-½ (43) Kpodo,E (1660)-Nkrumah,S Accra 2015}) 12. Ne5 {[%cal Rc4d5]} Nxe5 13. dxe5 dxc4 14. Qc2 g5 (14... Bd7 $11) 15. Rad1 $36 {[%mdl 3072] White has strong compensation. Keeping Black busy.} Qc7 16. Qc1 g4 17. Bh6 Rd8 (17... Ng7 $142) 18. Bg5 Rxd1 (18... Rf8 $16 {is a better defense.}) 19. Rxd1 $18 Rb8 $2 (19... Kg7 {was worth a try.} 20. e4 Rb8) 20. h3 gxh3 {[#]} 21. Bf3 $1 {[%cal Rf3h5]} Ng7 22. Bf6 Bf8 23. Qg5 b5 $2 (23... Bd7 24. e4 fxe4) 24. axb5 cxb5 (24... Bd7 $142 25. Bxg7 Bxg7) 25. Rd8 Ba6 {[#] ...Rxd8 is the strong threat.} 26. Nd5 $1 {[%mdl 512]} exd5 27. Bxd5+ {White mates.} Kh8 28. Qxg7+ Qxg7 29. Rxb8 {Precision: White = 67%, Black = 28%.} 1-0

[Event "20th Dubai Open 2018"]
[Site "Dubai"]
[Date "2018.04.03"]
[Round "2"]
[White "Pantsulaia, Levan"]
[Black "Hejazipour, Mitra"]
[Result "1-0"]
[WhiteElo "2592"]
[BlackElo "2304"]
[Annotator "TA"]
[PlyCount "61"]
[EventDate "2018.??.??"]
[EventType "swiss"]
[EventCountry "UAE"]
[SourceTitle "playchess.com"]
[Source "ChessBase"]
[SourceQuality "1"]

{[%evp 22,61,8,-22,48,60,51,43,60,56,53,47,81,64,70,50,106,69,123,131,123,110,108,118,116,72,69,73,64,62,77,60,75,54,131,62,105,40,185,165,1895,1738]} 1. Nf3 d5 2. c4 e6 3. b3 d4 4. g3 Nf6 5. Bg2 c5 6. e3 Nc6 7. exd4 cxd4 8. O-O Be7 9. Re1 O-O 10. d3 Nd7 11. Na3 {A14: English Opening: 1...e6 with b3 by White} (11. Ba3 Re8 12. Bxe7 Rxe7 13. a3 a5 14. Nbd2 Nc5 15. Ne4 Nxe4 16. Rxe4 e5 17. Re1 Bg4 18. h3 Bh5 {½-½ (36) Aronian,L (2799)-Nakamura,H (2792) Saint Louis 2017}) 11... e5 12. Nc2 {LiveBook: 27 Games} f6 (12... a5 $11) 13. Nh4 $146 {White is slightly better.} ({Find the theoretical novelty and annotate with similar games:} 13. Rb1 a5 14. a3 Re8 15. b4 {0-1 (41) Kleinman,M (2293)-Hansen,E (2460) Montreal 2012}) 13... Nb6 14. f4 a5 15. Qh5 {[#] Threatens to win with Be4.} Nb4 16. Nxb4 Bxb4 17. Rf1 {Hoping for Be4.} (17. Bb2 {NOTEXT} exf4 18. Be4 f5 19. Nxf5 g6 20. Ne7+) 17... Qe8 18. Qd1 a4 (18... Bc3 $14 19. Ba3 Rf7) 19. Bd2 (19. fxe5 {NOTEXT} fxe5 20. Rxf8+ Bxf8 21. Bd2 axb3 22. axb3 Rxa1 23. Qxa1 Nd7 24. b4) 19... Bxd2 (19... Bc3 $14) 20. Qxd2 $16 axb3 21. axb3 {Rxa8 is the strong threat.} Rxa1 22. Rxa1 exf4 23. Qxf4 (23. Re1 {NOTEXT} Qd8 24. gxf4 Qc7 25. b4 Rd8 26. Re4) 23... g5 24. Qxd4 gxh4 25. Qxb6 hxg3 26. Rf1 (26. Bxb7 Qe5 $11) 26... gxh2+ {[#]} 27. Kh1 $1 Kh8 (27... Qe2 $14) 28. Qd6 (28. Bxb7 $6 Qd8 $14) (28. Kxh2 $6 Qe5+ 29. Kh1 Bg4 $11) (28. Rxf6 $16 {And now Qd4 would win.} Qe1+ 29. Bf1) 28... Qf7 29. Re1 ({Much worse is} 29. Qxh2 b5 $14) ({Better is} 29. b4 $16) 29... Rg8 (29... Qg7 $14) 30. Bd5 $18 {[%mdl 1024] White has strong compensation.} ({Inferior is} 30. Qxh2 b5 $11) 30... Rg1+ $2 (30... Qf8 31. Re7 (31. Qxh2 Rg5 $11) 31... Rg7) 31. Kxh2 {Precision: White = 54%, Black = 26%.} 1-0

[Event "20th Dubai Open 2018"]
[Site "Dubai"]
[Date "2018.04.03"]
[Round "2"]
[White "Narayanan.S.L"]
[Black "Sekar, B."]
[Result "1-0"]
[WhiteElo "2568"]
[BlackElo "2298"]
[Annotator "TA"]
[PlyCount "81"]
[EventDate "2018.??.??"]
[EventType "swiss"]
[EventCountry "UAE"]
[SourceTitle "playchess.com"]
[Source "ChessBase"]
[SourceQuality "1"]

{[%evp 18,81,28,36,51,44,53,62,66,38,30,33,40,34,39,38,56,52,75,39,48,33,33,42,33,43,43,43,58,53,52,64,60,48,48,23,45,32,70,70,63,71,70,50,91,98,90,100,94,77,145,68,202,188,450,433,404,364,326,339,522,510,508,494,701,676]} 1. c4 Nf6 2. Nc3 e5 3. Nf3 Nc6 4. e3 d5 5. cxd5 Nxd5 6. Bb5 Nxc3 7. bxc3 Bd6 8. d4 exd4 9. cxd4 O-O 10. O-O {LiveBook: 15 Games} Bf5 {A28: English Opening: Four Knights Variation} (10... Bg4 11. h3 Bh5 12. Bb2 Ne7 13. Be2 c5 14. e4 Qb6 15. Rb1 Bg6 16. dxc5 Qxc5 17. Rc1 Qb6 18. Bd4 {0-1 (52) Harika,D (2504)-Javakhishvili,L (2449) Riadh 2017}) 11. Bd3 Bxd3 12. Qxd3 Nb4 {[%cal Bc6b4,Bb4a6,Ba6c7][%mdl 32] White is slightly better.} 13. Qb1 $146 ({Find the theoretical novelty and annotate with similar games:} 13. Qb3 a5 14. e4 Qd7 15. Be3 Qe6 16. Qb1 Qd7 17. a3 Nc6 18. d5 {0-1 (31) Pala,V (2333)-Mudrak,J (2363) Czechia 2011}) 13... Rb8 14. Bd2 Na6 15. Rd1 c6 16. e4 {[%cal Be3e4,Be4e5][%mdl 32]} Nc7 17. Qc2 Qd7 18. Re1 f5 19. Qb3+ Qf7 20. e5 Qxb3 $1 21. axb3 Be7 22. Rxa7 Nb5 23. Ra4 Rbd8 24. h4 {[%cal Bh2h4,Bh4h5][%mdl 32]} Rd5 25. Ba5 Re8 26. Bb6 Kf7 27. Rea1 h6 28. h5 $1 $36 {[%mdl 2048] White is pushing.} Bd8 29. Bc5 Be7 30. Ra8 {Threatens to win with e6+!} Rxa8 31. Rxa8 Rd8 {[#]} 32. Rxd8 $1 Bxd8 $16 {[%mdl 4096] Endgame KBN-KBN} 33. Kf1 Ba5 ({Black should try} 33... g5) 34. Ke2 (34. Nh4 $16) 34... Bd8 {[#]} ({Black should play} 34... Nc3+ $1 $14 35. Kd3 Ne4) 35. Kd3 $1 $18 Be7 $2 (35... b6) 36. Bxe7 Kxe7 37. Nh4 Ke6 38. Ng6 Nc7 (38... b6 {might work better.} 39. Nf4+ Ke7) 39. Nf4+ {White is clearly winning.} Ke7 40. Kc4 b6 (40... Na6 $142 41. d5 b5+ 42. Kc3 cxd5) 41. d5 {Precision: White = 74%, Black = 39%.} 1-0

[Event "20th Dubai Open 2018"]
[Site "Dubai"]
[Date "2018.04.03"]
[Round "2"]
[White "Kiriakov, Petr"]
[Black "Dhulipalla Bala Chandra Prasa"]
[Result "1-0"]
[WhiteElo "2520"]
[BlackElo "2294"]
[Annotator "TA"]
[PlyCount "59"]
[EventDate "2018.??.??"]
[EventType "swiss"]
[EventCountry "UAE"]
[SourceTitle "playchess.com"]
[Source "ChessBase"]
[SourceQuality "1"]

{[%evp 19,59,11,11,16,15,12,7,7,10,1,18,8,10,14,24,0,12,-18,-15,-7,-14,-41,-27,-31,22,-26,-14,-39,15,0,3,0,0,1,31,46,608,599,2091,1987,1825,1875]} 1. d4 d5 2. c4 c6 3. e3 Nf6 4. Nf3 Bg4 5. h3 Bh5 6. cxd5 {D11: Slav Defence: 3 Nf3 sidelines and 3...Nf6 4 e3 Bg4} (6. Nc3 e6 7. g4 Bg6 8. Ne5 Nbd7 9. Nxg6 hxg6 10. g5 Ne4 11. Nxe4 dxe4 12. h4 Bb4+ 13. Bd2 Qa5 14. a3 Bxd2+ 15. Qxd2 Qxd2+ 16. Kxd2 {½-½ (35) Ding,L (2777)-Saric,I (2669) Riadh 2017}) 6... Bxf3 7. Qxf3 cxd5 8. Nc3 Nc6 9. Bd3 e6 10. O-O Bd6 {LiveBook: 15 Games} 11. Bd2 O-O 12. Rfc1 Rc8 13. Qd1 $146 ({Predecessor:} 13. Bf1) 13... Qe7 14. a3 a6 15. b4 b5 16. Ra2 Qb7 17. Ne2 Nd7 {[%cal Bf6d7,Bd7b6,Bb6c4][%mdl 32]} 18. e4 Nb6 19. e5 Be7 20. Bb1 Nc4 21. Rc3 Qb6 (21... f5 $15) 22. Bh6 {Hoping for Bxg7!} ({Don't play} 22. Qc2 g6 $17) 22... f5 ({But not} 22... gxh6 $6 23. Rg3+ Bg5 24. h4 $14) 23. exf6 Bxf6 (23... Rxf6 $15 24. Bg5 Rf7) 24. Qc2 $36 {[%mdl 2048] Black is under pressure.} g6 25. Bxf8 Kxf8 26. Rf3 Kg7 27. Rg3 {[%cal Bf3g3,Bg3g6,Bg6f6][%mdl 32] Threatens to win with Rxg6+!} Nxd4 $2 {[%mdl 8192] [#]} (27... Bxd4 $14 28. Nxd4 Qxd4) 28. Rxg6+ $1 $18 {[%mdl 512] White is clearly winning.} Kh8 {[#]} (28... hxg6 29. Qxg6+) 29. Nxd4 $1 {[%mdl 512]} Qxd4 {[#]} 30. Rxf6 $1 {[%mdl 512] Precision: White = 57%, Black = 52%.} 1-0

[Event "20th Dubai Open 2018"]
[Site "Dubai"]
[Date "2018.04.03"]
[Round "2"]
[White "Debashis, Das"]
[Black "Bubalovic, Davorin"]
[Result "1-0"]
[WhiteElo "2518"]
[BlackElo "2187"]
[Annotator "TA"]
[PlyCount "105"]
[EventDate "2018.??.??"]
[EventType "swiss"]
[EventCountry "UAE"]
[SourceTitle "playchess.com"]
[Source "ChessBase"]
[SourceQuality "1"]

{[%evp 20,105,82,63,92,92,123,138,179,172,288,251,265,231,231,238,219,200,256,277,273,275,326,312,291,279,281,286,322,321,427,256,394,251,299,293,410,382,424,417,425,385,337,0,287,218,521,536,508,222,227,225,343,334,349,241,449,245,246,245,244,242,267,258,262,239,258,239,282,256,300,300,308,308,300,285,283,272,394,385,416,416,5675,4622,4622,4622,4618,4614]} 1. d4 Nf6 2. c4 g6 3. Nc3 Bg7 4. e4 d6 5. Nf3 O-O 6. Be2 e5 7. O-O Na6 8. Be3 c6 9. d5 Nc5 10. Nd2 a5 11. a3 {LiveBook: 3 Games} Bd7 {E94: King's Indian: Classical: 6 Be2 e5 7 0-0: Various Black 7th moves} 12. b4 axb4 $146 ({Find the theoretical novelty and annotate with similar games:} 12... Na6 13. Rb1 axb4 14. axb4 Qc7 15. dxc6 bxc6 16. c5 d5 17. Na4 dxe4 18. Nb6 Ra7 19. Nxd7 Qxd7 20. Nxe4 Nd5 21. b5 Nab4 22. b6 Ra2 23. Bc4 {1-0 (23) Pavlovic,G (2394)-Popovic,A (2300) Kragujevac 2012}) 13. axb4 Rxa1 {White is clearly better.} 14. Qxa1 Na6 (14... cxd5 {was called for.} 15. cxd5 (15. bxc5 d4 $15) (15. exd5 Na6 $16) 15... Na6) 15. dxc6 $18 Bc8 16. cxb7 Bxb7 17. Rb1 Nc7 {[%cal Ba6c7,Bc7e6,Be6d4][%mdl 32]} 18. Qa7 Qc8 19. Nd5 Re8 20. Qb6 Ne6 21. Qxd6 Bxd5 22. cxd5 Nd4 23. Qa6 Qb8 24. Bd1 Rc8 25. Qd3 (25. b5 $142) 25... Ne8 (25... Qb5 $142 26. Qf1 Bf8) 26. h3 Nd6 {[#]} 27. b5 $1 {[%cal Bb4b5,Bb5b6][%mdl 32]} f5 (27... N4xb5 28. Ba4) 28. exf5 gxf5 29. b6 Qb7 30. Qa3 N6b5 31. Qd3 $2 (31. Qa5 $18) 31... Nc3 $2 {[%mdl 8192]} (31... Nd6 $1 $11 32. Bxd4 exd4) 32. Ra1 Nxd1 $2 (32... Qxb6 {is tougher.} 33. Qxf5 Nxf5 34. Bxb6 Nxd1) 33. Bxd4 exd4 34. Rxd1 (34. Qxf5 $142 Rf8 35. Qe6+ Qf7 36. Rxd1 Qxe6 37. dxe6) 34... Qxb6 35. Qxf5 Re8 (35... Rf8 {might work better.} 36. Qe4 Rd8) 36. Nf3 h6 37. Qd3 Qc5 $2 (37... Qd6 38. Qf5 Rf8) 38. Nxd4 (38. Qg6 $142 Rd8 39. Re1) 38... Qxd5 39. Nf3 Qxd3 40. Rxd3 {[%mdl 4096] Endgame KRB-KRN} Re2 41. g3 Ra2 42. Rd2 Ra3 43. Kg2 Bf8 44. Ne5 Bb4 45. Rd7 Ra2 46. Ng4 Ra6 47. Ne3 Bc5 48. Nf5 Kf8 (48... h5 {was worth a try.} 49. Rc7 Ba7) 49. Rc7 Ba7 {[#]} 50. Nxh6 $1 {[%mdl 512]} Bxf2 (50... Ra2 $142 51. Ng4 Bd4) (50... Rxh6 51. Rxa7) 51. Rf7+ {White is clearly winning.} Ke8 52. Rxf2 Rxh6 53. g4 {Precision: White = 67%, Black = 16%.} 1-0

[Event "20th Dubai Open 2018"]
[Site "Dubai"]
[Date "2018.04.03"]
[Round "2"]
[White "Gagare, Shardul"]
[Black "Nikhil Magizhnan"]
[Result "1-0"]
[WhiteElo "2502"]
[BlackElo "2105"]
[Annotator "TA"]
[PlyCount "69"]
[EventDate "2018.??.??"]
[EventType "swiss"]
[EventCountry "UAE"]
[SourceTitle "playchess.com"]
[Source "ChessBase"]
[SourceQuality "1"]

{[%evp 15,69,27,35,32,22,25,27,46,22,16,39,17,41,41,40,37,74,101,83,92,91,81,83,83,83,84,84,63,84,59,64,50,51,41,97,106,120,132,346,346,382,382,381,378,436,430,487,475,475,475,475,475,472,472,465,465]} 1. d4 Nf6 2. c4 e6 3. Nc3 Bb4 4. g3 O-O 5. Bg2 d5 6. Nf3 c5 7. cxd5 Nxd5 8. Bd2 cxd4 {LiveBook: 31 Games} 9. Nxd5 {E20: Nimzo-Indian: 4 g3 and 4 f3} Bxd2+ 10. Qxd2 {Strongly threatening Nb4.} Qxd5 11. Qxd4 {White has an edge.} Qa5+ 12. Qd2 Qc7 $146 ({Predecessor:} 12... Qxd2+ 13. Nxd2 Nc6 14. Nb3 Rb8 15. O-O-O Ne5 16. Rd4 b6 {½-½ (75) Sedlak,N (2577)-Savic,M (2539) Vrnjacka Banja 2013}) 13. O-O Nc6 {[%cal Bb8c6,Bc6b4,Bb4c2][%mdl 32]} 14. Qc3 $36 {[%mdl 2048] White is more active.} e5 15. b4 Qb6 16. Nxe5 Qxb4 17. Qxb4 Nxb4 18. a3 Re8 19. Rfd1 Nc2 20. Ra2 Be6 21. Rb2 ({Reject} 21. Rxc2 $6 Bb3 $11) 21... Nxa3 22. Bxb7 Rad8 23. Rc1 g6 24. Ba6 Bd5 ({Black should try} 24... Rd6 $14 25. Bd3 a6) 25. Ng4 $16 Rd6 26. Bd3 a6 $2 {[#]} (26... Red8 $16 {is a better defense.} 27. Ne3 a6 28. Nxd5 Rxd5 29. Bxa6 Rd1+ 30. Rxd1 Rxd1+ 31. Kg2 Rc1) 27. Rc3 $1 $18 Nb5 28. Bxb5 axb5 29. Rd3 Red8 {[#]} 30. Rbd2 $1 {White is clearly winning.} Be6 {And now ...Rxd3 would win.} 31. Nf6+ Kf8 32. Rxd6 Rxd6 33. Rxd6 Ke7 34. Ne4 f5 35. Rb6 {Precision: White = 85%, Black = 32%.} 1-0